Eighteenth annual report of the St. Andrews Students' Missionary Society.

Bibliographic Details
Corporate Author: University of St. Andrews. Missionary Society
Format: eBook
Language:English
Published: [St. Andrews? : publisher not identified, 1842?]
Series:Early English books online.
Subjects:
Online Access:Connect to the full text of this electronic book

MARC

Tag First Indicator Second Indicator Subfields
LEADER 00000nam a2200000Ia 4500
001 in00004200821
005 20200806085757.0
006 m g d
007 cr bn |||a|bb|
008 050602s1842 enk o 000 0 eng d
035 |a (OCoLC)60546123 
040 |a UMI  |c UMI 
037 |a CL2105000002  |b ProQuest Information and Learning. 300 N. Zeeb Rd., Ann Arbor, MI 48106 
043 |a e-uk--- 
090 |a BV2370.U5  |b U55 1842 
049 |a UMIA 
110 2 |a University of St. Andrews.  |b Missionary Society. 
245 1 0 |a Eighteenth annual report of the St. Andrews Students' Missionary Society. 
260 |a [St. Andrews? :  |b publisher not identified,  |c 1842?] 
300 |a 1 online resource (4 pages) 
336 |a text  |b txt  |2 rdacontent 
337 |a computer  |b c  |2 rdamedia 
338 |a online resource  |b cr  |2 rdacarrier 
500 |a Reproduction of the original in the British Library. 
533 |a Electronic reproduction.  |b Ann Arbor, Mich. :  |c UMI,  |d 1999-  |f (Early English books online)  |n Digital version of: (Early English Books; tract supplement ; B2:2[180-182a])  |7 s1999 miun s 
610 2 0 |a University of St. Andrews.  |b Missionary Society. 
650 0 |a Missions  |x Societies, etc.  |y 19th century. 
830 0 |a Early English books online. 
856 4 0 |u http://proxy.library.tamu.edu/login?url=https://search.proquest.com/docview/2240876176  |z Connect to the full text of this electronic book  |t 0 
994 |a 02  |b UMI 
999 f f |s b3500666-7b08-3985-a1e0-afede3373b55  |i 62ab102c-db34-314f-a083-8730996fafb8  |t 0 
952 f f |a Texas A&M University  |b College Station  |c Electronic Resources  |d Available Online  |t 0  |e BV2370.U5 U55 1842  |h Library of Congress classification 
998 f f |a BV2370.U5 U55 1842  |t 0  |l Available Online